عرض عادي
عرض مارك
- Bain, Barbara J
مدخل إسم شخص
001 - رقم الضبط
- حقل الضبط: 74376
003 - معرف رقم الضبط
- حقل الضبط: OSt
005 - تاريخ ووقت أخر عملية
- حقل الضبط: 20190821083909.0
008 - عناصر بيانات ثابتة الطول
- حقل تحكم ثابت الطول: 190821|| aca||aabn | a|a d
040 ## - مصدر الفهرسة
- هيئة الفهرسة الأصلية: OSt
- وكالة الكتابة: OSt
100 ## - مدخل -- أسم شخص
- إسم شخص: Bain, Barbara J
670 ## - بيانات المصدر موجوده
- الاستشهاد بالمصدر: Work cat.: (OSt)0: Dacie and Lewis practical haematology /, c2017
